|
|
|
|
| LEADER |
00000nam a2200000 a 4500 |
| 001 |
vtls008747960 |
| 003 |
SK-MaSNL |
| 005 |
20260302075136.0 |
| 008 |
220512s2000 xo 000 f slo |
| 015 |
|
|
|a SNBA/2000
|
| 020 |
|
|
|a 8071454370 (viaz.)
|c 179.00
|
| 035 |
|
|
|a POKPOH41323
|
| 035 |
|
|
|a urn:nbn:sk:snk-amk1hz
|
| 035 |
|
|
|a urn:nbn:sk:snk-am0087k9
|
| 035 |
|
|
|a B08C214A-0CEC-456F-8602-435B6E3D3696
|
| 040 |
|
|
|a SNK
|b slo
|a SNK
|e AACR2
|c SNK
|
| 041 |
1 |
|
|a slo
|h eng
|
| 044 |
|
|
|a xo
|c SK
|
| 080 |
|
|
|a 820-31
|2 1981
|
| 100 |
1 |
|
|a Connelly, Michael,
|d 1956-
|4 aut
|9 85952
|
| 245 |
1 |
|
|a Smrť v meste anjelov
|b Prípad pre detektíva Boscha
|c Michael Connelly ; [z anglického originálu prel. Patrick Frank]
|
| 250 |
|
|
|a 1. vyd.
|
| 260 |
|
|
|a Bratislava
|b Slovart
|c 2000
|
| 300 |
|
|
|a 319 s.
|
| 655 |
|
7 |
|a detektívne romány
|2 POKPOH
|9 70455
|
| 655 |
|
7 |
|a americké romány
|2 POKPOH
|9 1174
|
| 700 |
1 |
|
|a Frank, Patrick,
|d 1967-
|4 trl
|9 194015
|
| 919 |
|
|
|a 80-7145-437-0
|
| 954 |
|
|
|a beletria cudzojazyčná (svetová)
|2 lita
|
| 968 |
|
|
|b ENG
|
| 999 |
|
|
|c 1168052
|d 1169982
|
| 952 |
|
|
|t P60, <03>, [BOOK], {603}
|a SNK
|b SNK
|y PREZ
|7 0
|p 17A0236166
|o snkSC 101349
|i snkKSP 3970/2000
|0 0
|1 0
|4 0
|d 2000-04-18
|f 1
|l 0
|r 2025-09-23 00:00:00
|w 2026-02-24
|
| 952 |
|
|
|t P60, <05>, [BOOK], {605}
|a SNK
|b SNK
|y PREZ
|7 0
|p 17A0236167
|o snkSC 101349 D1
|i snkKSP 3971/2000
|0 0
|1 0
|4 0
|d 2000-04-18
|l 0
|r 2005-01-02 00:00:00
|w 2026-02-24
|